| 000 | 00900cam a22002653a 4500 | ||
|---|---|---|---|
| 001 | 16518 | ||
| 003 | PGUSA | ||
| 005 | 20140828083342.0 | ||
| 008 | 050812s2005||||xxu|||||s|||||000 | eng d | ||
| 040 |
_aPGUSA _beng |
||
| 042 | _adc | ||
| 050 | 4 | _aDC | |
| 050 | 4 | _aDH | |
| 100 | 1 |
_aFitzgerald, Percy Hetherington, _d1834-1925 |
|
| 245 | 1 | 2 |
_aA Day's Tour : _bA Journey through France and Belgium by Calais, Tournay, Orchies, Douai, Arras, Béthune, Lille, Comines, Ypres, Hazebrouck, Berg _h[electronic resource] / _cPercy Hetherington Fitzgerald |
| 260 |
_bProject Gutenberg, _c2005 |
||
| 506 | _aPublic domain in the USA. | ||
| 516 | _aElectronic text | ||
| 653 | _aVoyages and travels | ||
| 653 | _aBelgium -- Description and travel | ||
| 653 | _aFrance -- Description and travel | ||
| 830 | 0 |
_aProject Gutenberg _v16518 |
|
| 856 | 4 | 0 | _uhttp://www.gutenberg.org/ebooks/16518 |
| 942 | _cEB | ||
| 999 |
_c245773 _d245773 |
||